ბათუმის შოთა რუსთაველის სახელმწიფო უნივერსიტეტის ბიბლიოთეკა

საქართველოს შუასაუკუნეების არქეოლოგიური ძეგლები I / (ბიბ.ჩანაწერი № 45465)

000 -ლიდერი
ფიქსირებული სიგრძის საკონტროლო ველი 01293nam a2200229Ia 4500
001 - საკონტროლო ნომერი
საკონტროლო ველი 12290
003 - საკონტროლო ნომრის იდენტიფიკატორი
საკონტროლო ველი GE_BSU
005 - ბოლო ოპერაციის თარიღი და დრო
საკონტროლო ველი 20240701163849.0
008 - ფიქსირებული სიგრძის მონაცემთა ელემენტები - ზოგადი ინფორმაცია
ფიქსირებული სიგრძის საკონტროლო ველი 181216s2014|||| |||||||||||||| ||geo||
040 ## - კატალოგიზაციის წყარო
Transcribing agency GE_BSU
041 ## - ენის კოდი
Language code of text/sound track or separate title geo
080 ## - უნივერსალური ათობითი კლასიფიკაციის ინდექსი
Universal Decimal Classification number 902.2(479.22) ს-323
245 ## - ცნობა სათაურის შესახებ
Title საქართველოს შუასაუკუნეების არქეოლოგიური ძეგლები I /
Statement of responsibility, etc რედ. : რ. რამიშვილი, დ. მინდორაშვილი ; ოთ.ლორთქიფანიძის არქეოლოგიის ინ-ტი.
264 ## - წარმოების, გამოცემის, დისტრიბუციის და სხვა ცნობები
გამოცემის, წარმოების, დისტრიბუციის... ადგილი თბილისი :
გამოცემის, წარმოების, დისტრიბუციის... სახელწოდება [გ.გ.],
გამოცემის, წარმოების, დისტრიბუციის... თარიღი 2007.
300 ## - ფიზიკური აღწერა
Extent 224 გვ. ;
Dimensions 29სმ.
Accompanying material ტაბულები გვ. : 153-224
520 ## - SUMMARY, ETC.
Summary, etc რეზიუმე რუსულ ენაზე
653 ## - INDEX TERM--UNCONTROLLED
Uncontrolled term საქართველოს შუასაუკუნეების არქეოლოგიური ძეგლები I
700 ## - ADDED ENTRY--PERSONAL NAME
Personal name რამიშვილი, რ.
Relator term რედაქტორი
9 (RLIN) 17562
700 ## - ADDED ENTRY--PERSONAL NAME
Personal name მინდორაშვილი, დ.
Relator term რედაქტორი
9 (RLIN) 22638
710 ## - ADDED ENTRY--CORPORATE NAME
Corporate name or jurisdiction name as entry element ოთ.ლორთქიფანიძის არქეოლოგიის ინ-ტი
9 (RLIN) 22639
942 ## - ADDED ENTRY ELEMENTS (KOHA)
Koha item type წიგნი
Source of classification or shelving scheme
ეგზემპლარები
ჩამოწერის სტატუსი დაკარგული ეგზემპლარის სტატუსი კლასიფიკაციის წყარო ან თაროზე გაწყობის სქემა დაზიანების სტატუსი არ გაიცემა მუდმივი მდებარეობა (დაცვის ადგილი) ამჟამინდელი ადგილსამყოფელი თაროზე განთავსების ადგილი შეძენის თარიღი სრული შენახვის შიფრი შტრიხკოდი ბოლო ოპერაციის თარიღი ეგზემპლარის მიმდევრობითი ნომერი (კეტერი?) ფასის ძალაში შესვლის თარიღი ეგზემპლარის სახეობა
          ბათუმის შოთა რუსთაველის სახელმწიფო უნივერსიტეტის მთავარი ბიბლიოთეკა ბათუმის შოთა რუსთაველის სახელმწიფო უნივერსიტეტის მთავარი ბიბლიოთეკა წიგნსაცავი 2018-12-17 902.2(479.22) ს-323 27049 2018-12-17 27049 2018-12-17 წიგნი